Cirugia general para el medico general / (Registro nro. 23105)

Detalles MARC
000 -LEADER
fixed length control field 01981nam a2200361 4500
001 - CONTROL NUMBER
control field 0000023743
003 - CONTROL NUMBER IDENTIFIER
control field CO-CtgCURN
005 - DATE AND TIME OF LATEST TRANSACTION
control field 20250331185221.0
007 - PHYSICAL DESCRIPTION FIXED FIELD--GENERAL INFORMATION
fixed length control field ta
008 - FIXED-LENGTH DATA ELEMENTS--GENERAL INFORMATION
fixed length control field 160627s2011 000 0 eng d
020 ## - INTERNATIONAL STANDARD BOOK NUMBER
International Standard Book Number 9786071505521
040 ## - CATALOGING SOURCE
Original cataloging agency CO-CtgCURN
Language of cataloging spa
Transcribing agency coctgcurn
082 0# - DEWEY DECIMAL CLASSIFICATION NUMBER
Classification number 617
Item number M357
100 1# - MAIN ENTRY--PERSONAL NAME
Personal name Marquez Martin, Rodolfo.
245 10 - TITLE STATEMENT
Title Cirugia general para el medico general /
Statement of responsibility, etc. Rodolfo Marquez Martin, Gerardo Enrique Muñoz Maldonado.
250 ## - EDITION STATEMENT
Edition statement 2a ed.
260 ## - PUBLICATION, DISTRIBUTION, ETC.
Place of publication, distribution, etc. Mexico :
Name of publisher, distributor, etc. McGraw-Hill,
Date of publication, distribution, etc. 2011.
300 ## - PHYSICAL DESCRIPTION
Extent ix, 270 p.
336 ## - CONTENT TYPE
Source rdacontent
337 ## - MEDIA TYPE
Source rdamedia
Media type term sin mediacion
Media type code n
338 ## - CARRIER TYPE
Source rdacarrier
Carrier type term volumen
Carrier type code nc
504 ## - BIBLIOGRAPHY, ETC. NOTE
Bibliography, etc. note Incluye bibliografias.
505 8# - FORMATTED CONTENTS NOTE
Formatted contents note Principios eticos del cirujano -- Historia de la cirugia -- Evaluacion quirurgica perioperatoria -- Anestesiología -- El quirofano -- Instrumental quirurgico -- Materiales y tecnicas de sutura -- Instrumental quirurgico y procedimientos basicos en cirugia laparoscopica -- Esterilizacion, desinfección y antisepsia -- Tratamiento de las heridas -- Infectología para el cirujano -- Sondas, canalizaciones y drenajes -- Anatomía patologica -- La citología en la practica clinica -- Accesos vasculares -- Tratamiento intravenoso -- Procedimientos quirurgicos especiales -- Manejo de los estomas -- Principios de oncología para el cirujano - Evaluacion clinica de la patología de la glandula mamaria -- Radiología -- Componentes sanguineos y su uso en cirugia -- Reanimacion cardiopulmonar basica
650 14 - SUBJECT ADDED ENTRY--TOPICAL TERM
Topical term or geographic name entry element Cirugia.
700 1# - ADDED ENTRY--PERSONAL NAME
Personal name Muñoz Maldonado, Gerardo Enrique.
908 ## - PUT COMMAND PARAMETER (RLIN)
Put command parameter 160627
942 ## - ADDED ENTRY ELEMENTS (KOHA)
Koha item type Libros
Classification part 617
Item part M357
Source of classification or shelving scheme Dewey Decimal Classification
Existencias
Withdrawn status Lost status Source of classification or shelving scheme Damaged status Not for loan Collection Home library Current library Shelving location Date acquired Inventory number Total checkouts Full call number Barcode Date last seen Copy number Price effective from Koha item type Public note
    Dewey Decimal Classification     General Miguel Henríquez Emiliani Miguel Henríquez Emiliani General 03/31/2025 017008   617 M357 017008 03/31/2025 ej.1 03/31/2025 Libros 610-CIENME
    Dewey Decimal Classification     General Miguel Henríquez Emiliani Miguel Henríquez Emiliani General 03/31/2025 017009   617 M357 017009 03/31/2025 ej.2 03/31/2025 Libros 610-CIENME
    Dewey Decimal Classification     General Miguel Henríquez Emiliani Miguel Henríquez Emiliani General 03/31/2025 017010   617 M357 017010 03/31/2025 ej.3 03/31/2025 Libros 610-CIENME
    Dewey Decimal Classification     General Miguel Henríquez Emiliani Miguel Henríquez Emiliani General 03/31/2025 017011   617 M357 017011 03/31/2025 ej.4 03/31/2025 Libros 610-CIENME
    Dewey Decimal Classification     General Miguel Henríquez Emiliani Miguel Henríquez Emiliani General 03/31/2025 017012   617 M357 017012 03/31/2025 ej.5 03/31/2025 Libros 610-CIENME